[Event "NAYCC U12 w"]
[Site "Windsor CAN"]
[Date "2016.08.09"]
[Round "5.118"]
[White "Periappuram, Moira"]
[Black "Yellamraju, Ambica"]
[Result "0-1"]
[WhiteElo "773"]
[BlackElo "1625"]
[PlyCount "66"]
[EventDate "2016.08.07"]
[EventType "swiss"]
[EventRounds "9"]
[EventCountry "CAN"]

1. e4 e6 2. Nf3 d5 3. Nc3 Nf6 4. Bd3 c5 5. b3 Nc6 6. O-O Be7 7. Bb2 O-O 8. Qe2
a6 9. a4 Qc7 10. Na2 Nh5 11. e5 Nf4 12. Qe3 Nxd3 13. Qxd3 Rb8 14. c4 Rd8 15.
Qe2 Qb6 16. Nc1 Na5 17. Ra2 Nxb3 18. Bc3 Nxc1 19. Rxc1 Qb3 20. Rca1 Qxc4 21. d3
Qxc3 22. Re1 c4 23. d4 Qd3 24. Qb2 Qb3 25. Qe2 Bd7 26. Rea1 Qb6 27. a5 Qc7 28.
h3 Rdc8 29. Qe3 h6 30. Nh2 Bc6 31. Qg3 b6 32. Ng4 Kh7 33. Qe3 b5 0-1

[Event "NAYCC U12 w"]
[Site "Windsor CAN"]
[Date "2016.08.09"]
[Round "5.119"]
[White "Miyasaka, Julia"]
[Black "Yellamraju, Aparna"]
[Result "1-0"]
[WhiteElo "1466"]
[BlackElo "1404"]
[PlyCount "165"]
[EventDate "2016.08.07"]
[EventType "swiss"]
[EventRounds "9"]
[EventCountry "CAN"]

1. e4 e6 2. d4 d5 3. Nc3 Nf6 4. Bg5 Be7 5. e5 Nfd7 6. Bxe7 Qxe7 7. Nf3 c5 8.
Nb5 Qd8 9. Nd6+ Kf8 10. c3 Nc6 11. Be2 cxd4 12. cxd4 Qa5+ 13. Qd2 Qb6 14. Rd1
h6 15. Qf4 Nd8 16. b3 Qb4+ 17. Qd2 Qb6 18. Rc1 Nc6 19. Qf4 f6 20. exf6 Nxf6 21.
Nxc8 Qb4+ 22. Qd2 Qxd2+ 23. Kxd2 Rxc8 24. Ne5 Ke8 25. Bb5 Ne4+ 26. Ke1 a6 27.
Bxc6+ bxc6 28. Rxc6 Rxc6 29. Nxc6 Nc3 30. a3 Kd7 31. Ne5+ Kc7 32. a4 Rb8 33.
Kd2 Ne4+ 34. Kc2 Kd6 35. f3 Ng5 36. Rc1 Rb4 37. Kc3 a5 38. Nd3 Rb8 39. Kb2 Nf7
40. Rc5 Ra8 41. Rb5 Nd8 42. Rb6+ Ke7 43. Ne5 Kf6 44. Nd7+ Kf5 45. Rb8 Rxb8 46.
Nxb8 e5 47. dxe5 Kxe5 48. Kc3 Kd6 49. Na6 Nc6 50. b4 axb4+ 51. Nxb4 Na5 52. Kd4
Nb3+ 53. Kc3 Na5 54. Nd3 Nc6 55. Kd2 d4 56. Kc2 Na5 57. Nf4 Ke5 58. Ne2 Kd5 59.
Kd3 Nc6 60. h4 Nb4+ 61. Kd2 Nc6 62. Nf4+ Ke5 63. Nd3+ Kd5 64. Kc2 Kc4 65. g4
Na5 66. f4 Kd5 67. Nf2 g6 68. h5 gxh5 69. gxh5 Ke6 70. Ng4 Kf5 71. Nxh6+ Kxf4
72. Nf7 Kf5 73. Kd3 Nb3 74. Kc4 d3 75. Kxb3 Ke4 76. Ne5 Kxe5 77. Kc3 Kd5 78. h6
Kc5 79. h7 Kb6 80. h8=Q Ka5 81. Qb8 Ka6 82. Kxd3 Ka5 83. Qb5# 1-0

[Event "NAYCC U12 w"]
[Site "Windsor CAN"]
[Date "2016.08.09"]
[Round "5.120"]
[White "Guo, Hazel"]
[Black "Tan, Kylie"]
[Result "0-1"]
[WhiteElo "1291"]
[BlackElo "1383"]
[PlyCount "44"]
[EventDate "2016.08.07"]
[EventType "swiss"]
[EventRounds "9"]
[EventCountry "CAN"]

1. e4 d5 2. exd5 Qxd5 3. Nc3 Qa5 4. Nf3 Bg4 5. h3 Bh5 6. Be2 Nc6 7. d4 O-O-O 8.
a3 Bxf3 9. Bxf3 Nxd4 10. Bd2 Nf6 11. Nb1 Qf5 12. O-O Nxf3+ 13. Qxf3 Qxc2 14.
Bc3 Qe4 15. Qg3 e6 16. Nd2 Qd3 17. Qh4 Nd5 18. Ne4 Be7 19. Qg4 f5 20. Rfd1 Qxe4
21. Qxg7 Rhg8 22. Qh6 Qxg2# 0-1

[Event "NAYCC U12 w"]
[Site "Windsor CAN"]
[Date "2016.08.11"]
[Round "6.111"]
[White "Cao, Claire"]
[Black "Yang, Elena"]
[Result "1-0"]
[WhiteElo "1569"]
[BlackElo "1221"]
[PlyCount "125"]
[EventDate "2016.08.07"]
[EventType "swiss"]
[EventRounds "9"]
[EventCountry "CAN"]

1. e4 e5 2. Nf3 Nc6 3. d4 exd4 4. Bc4 Bc5 5. O-O d6 6. c3 dxc3 7. Nxc3 Nge7 8.
Bf4 Ng6 9. Bg5 Qd7 10. Qd2 O-O 11. Rad1 Na5 12. Be2 f6 13. Be3 Bxe3 14. Qxe3
Qd8 15. b4 Nc6 16. Bc4+ Kh8 17. a3 a6 18. Rc1 Re8 19. Bf7 Re7 20. Bxg6 hxg6 21.
Nh4 Qe8 22. f4 Bg4 23. Qg3 Bh5 24. Nd5 Nd4 25. Rfe1 Rxe4 26. Nxc7 Rxe1+ 27.
Rxe1 Ne2+ 28. Kf2 Qe4 29. Nxg6+ Bxg6 30. Rxe2 Qd4+ 31. Ke1 Qa1+ 32. Kf2 Qd4+
33. Qe3 Qxe3+ 34. Rxe3 Rc8 35. Re7 Kg8 36. g4 Kf8 37. Rd7 Be4 38. f5 g6 39.
fxg6 Bxg6 40. Ne6+ Ke8 41. Rxd6 Rc2+ 42. Ke3 Rxh2 43. Nf4 Ra2 44. Nxg6 Rxa3+
45. Rd3 Rxd3+ 46. Kxd3 Kf7 47. Nf4 b6 48. Kc4 Kg7 49. Nd5 a5 50. b5 Kg6 51.
Nxb6 Kg5 52. Nd5 f5 53. gxf5 Kxf5 54. b6 a4 55. b7 a3 56. b8=Q a2 57. Qb2 a1=Q
58. Qxa1 Ke6 59. Qf6+ Kd7 60. Kc5 Kc8 61. Qc6+ Kb8 62. Qc7+ Ka8 63. Nb6# 1-0

[Event "NAYCC U12 w"]
[Site "Windsor CAN"]
[Date "2016.08.11"]
[Round "6.112"]
[White "Dommalapati, Aasa"]
[Black "Ehsani, Yassamin"]
[Result "1/2-1/2"]
[WhiteElo "1583"]
[BlackElo "1429"]
[PlyCount "109"]
[EventDate "2016.08.07"]
[EventType "swiss"]
[EventRounds "9"]
[EventCountry "CAN"]

1. e4 c5 2. Nf3 d6 3. Bb5+ Bd7 4. Bxd7+ Nxd7 5. O-O Ngf6 6. Re1 e5 7. c3 Be7 8.
d4 Qc7 9. Nbd2 O-O 10. d5 c4 11. Qc2 Rfc8 12. Nh4 g6 13. Ndf3 Bf8 14. Bg5 Bg7
15. h3 Nc5 16. Nh2 Nd3 17. Re2 Nh5 18. g3 Nf6 19. Qd2 Qd7 20. Kg2 Nc5 21. Rae1
Nd3 22. Rf1 Nc5 23. Rfe1 Nd3 24. Rf1 Nc5 25. f3 Rf8 26. Bh6 Rae8 27. Qg5 Bxh6
28. Qxh6 Kh8 29. Nf5 Rg8 30. Ne3 b5 31. Nhg4 Qe7 32. Nxf6 Qxf6 33. Ng4 Qe7 34.
h4 Nd7 35. h5 Nf6 36. Nxf6 Qxf6 37. Rh1 Rg7 38. Rh3 Qe7 39. Re1 g5 40. Kf2 Rf8
41. f4 f6 42. Ke3 Rb8 43. Rf1 Rf8 44. fxg5 Rxg5 45. Rf5 Qg7 46. Qxg7+ Kxg7 47.
Kf3 h6 48. g4 Rb8 49. a3 a5 50. Kg3 Rf8 51. Rh1 Rxf5 52. gxf5 Kf7 53. Rb1 Rg8+
54. Kf3 a4 55. Rh1 1/2-1/2

[Event "NAYCC U12 w"]
[Site "Windsor CAN"]
[Date "2016.08.11"]
[Round "6.113"]
[White "Velea, Anne Marie"]
[Black "Garai, Antara"]
[Result "0-1"]
[WhiteElo "1556"]
[BlackElo "1465"]
[PlyCount "104"]
[EventDate "2016.08.07"]
[EventType "swiss"]
[EventRounds "9"]
[EventCountry "CAN"]

1. e4 c5 2. Nf3 d6 3. d4 cxd4 4. Nxd4 Nf6 5. Nc3 a6 6. Be3 e6 7. Be2 Be7 8. O-O
b5 9. Bf3 b4 10. e5 dxe5 11. Bxa8 exd4 12. Bxd4 bxc3 13. Bxc3 Bd7 14. Bf3 O-O
15. Qd2 Qc7 16. Rad1 Bb5 17. Rfe1 Nbd7 18. Be2 Ne4 19. Qd4 Nxc3 20. Qxc3 Qxc3
21. bxc3 Nf6 22. Bxb5 axb5 23. Rb1 Ra8 24. Rxb5 Rxa2 25. Rb8+ Bf8 26. Rc1 g6
27. g3 Kg7 28. Rbb1 Ne4 29. Ra1 Rxa1 30. Rxa1 Nxc3 31. Ra3 Bxa3 32. Kg2 Kf6 33.
Kh3 Nd1 34. Kg2 Ke5 35. Kf1 Kd4 36. h4 Kc3 37. g4 Kxc2 38. f4 Be7 39. g5 Bd6
40. Ke2 Bxf4 41. Kf3 e5 42. Ke4 Nc3+ 43. Kf3 Kd3 44. Kf2 e4 45. Ke1 e3 46. Kf1
e2+ 47. Ke1 Bd2+ 48. Kf2 e1=Q+ 49. Kf3 Qe4+ 50. Kg3 Ne2+ 51. Kh3 Qf3+ 52. Kh2
Bf4# 0-1

[Event "NAYCC U12 w"]
[Site "Windsor CAN"]
[Date "2016.08.10"]
[Round "6.114"]
[White "Qiao, Joey"]
[Black "Dasari, Srihitha"]
[Result "1/2-1/2"]
[WhiteElo "1462"]
[BlackElo "1492"]
[PlyCount "91"]
[EventDate "2016.08.07"]
[EventType "swiss"]
[EventRounds "9"]
[EventCountry "CAN"]

1. e4 c5 2. Nf3 d6 3. d4 cxd4 4. Nxd4 Nf6 5. Nc3 g6 6. Be2 Bg7 7. Be3 O-O 8.
O-O Nc6 9. a3 Bd7 10. Nb3 Rc8 11. Re1 a6 12. a4 Ne5 13. a5 Nc4 14. Bxc4 Rxc4
15. Bb6 Qb8 16. Nd4 Be6 17. Re3 Nd7 18. Nxe6 fxe6 19. Na4 Qc8 20. c3 Qc6 21. f3
Qb5 22. b3 Rcc8 23. c4 Qg5 24. Bd4 e5 25. Ba7 Ra8 26. Qd5+ Kh8 27. Qxb7 Nc5 28.
Bxc5 dxc5 29. Rd3 Rab8 30. Qc6 Rbc8 31. Qe6 Bf6 32. Nb6 Rcd8 33. Rxd8 Rxd8 34.
Nd5 Qd2 35. Nxf6 Qd4+ 36. Kf1 Qxa1+ 37. Kf2 Rd2+ 38. Kg3 Qe1+ 39. Kh3 exf6 40.
Qxf6+ Kg8 41. Qe6+ Kf8 42. Qf6+ Ke8 43. Qe6+ Kd8 44. Qf6+ Kc7 45. Qb6+ Kd7 46.
Qb7+ 1/2-1/2

[Event "NAYCC U12 w"]
[Site "Windsor CAN"]
[Date "2016.08.10"]
[Round "6.115"]
[White "He, Emma"]
[Black "Wang, Isabelle"]
[Result "1-0"]
[WhiteElo "1446"]
[BlackElo "1102"]
[PlyCount "99"]
[EventDate "2016.08.07"]
[EventType "swiss"]
[EventRounds "9"]
[EventCountry "CAN"]

1. e4 e5 2. Nf3 Nc6 3. Bc4 Bc5 4. c3 Nf6 5. d3 h6 6. O-O d6 7. Re1 O-O 8. d4
exd4 9. cxd4 Bb6 10. h3 d5 11. exd5 Nxd5 12. Nc3 Be6 13. Bb3 Re8 14. Nxd5 Bxd5
15. Rxe8+ Qxe8 16. Bxd5 Rd8 17. Bxc6 Qxc6 18. Be3 Qd5 19. Qb3 Qf5 20. Rc1 Rd6
21. Qc2 Qd5 22. Qc4 Qf5 23. Rd1 c6 24. Qe2 Bc7 25. Nh4 Qd7 26. Qg4 Re6 27. Bxh6
g6 28. Bf4 Bxf4 29. Qxf4 Kg7 30. Nf3 a6 31. d5 cxd5 32. Qd4+ Kg8 33. Qxd5 Qxd5
34. Rxd5 Re2 35. Rd2 Re7 36. a4 b5 37. axb5 axb5 38. Rd5 Rb7 39. b4 Kf8 40. Nd4
Ke7 41. f3 Rd7 42. Rxd7+ Kxd7 43. Nxb5 Kc6 44. Nd4+ Kd5 45. b5 Kc5 46. Kf2 Kb6
47. Ke3 Kc5 48. g4 Kd5 49. h4 Kc5 50. h5 1-0

[Event "NAYCC U12 w"]
[Site "Windsor CAN"]
[Date "2016.08.10"]
[Round "6.116"]
[White "Yellamraju, Ambica"]
[Black "Miyasaka, Julia"]
[Result "1/2-1/2"]
[WhiteElo "1625"]
[BlackElo "1466"]
[PlyCount "87"]
[EventDate "2016.08.07"]
[EventType "swiss"]
[EventRounds "9"]
[EventCountry "CAN"]

1. d4 d5 2. c4 e6 3. Nc3 Nf6 4. cxd5 exd5 5. Bg5 Be7 6. e3 O-O 7. Bd3 c5 8.
dxc5 Bxc5 9. Qc2 d4 10. Bxf6 Qxf6 11. Nd5 Qd6 12. exd4 Qxd5 13. Qxc5 Qxg2 14.
Qh5 h6 15. Qf3 Qxf3 16. Nxf3 Bg4 17. Ne5 Re8 18. Kd2 Be6 19. Rhc1 Nd7 20. Rc7
Nxe5 21. dxe5 Bd5 22. f4 Rac8 23. Rac1 Bc6 24. Rxc8 Rxc8 25. Be4 Rd8+ 26. Bd3
Bb5 27. Rc3 Kf8 28. Ke3 Rxd3+ 29. Rxd3 Bxd3 30. Kxd3 Ke7 31. Ke4 Ke6 32. f5+
Ke7 33. Kd5 Kd7 34. b4 g5 35. Ke4 Ke7 36. Kf3 h5 37. Ke4 Kd7 38. a4 Ke7 39. b5
Kd7 40. a5 Ke7 41. Kd5 Kd7 42. a6 bxa6 43. bxa6 g4 44. Ke4 1/2-1/2

[Event "NAYCC U12 w"]
[Site "Windsor CAN"]
[Date "2016.08.10"]
[Round "6.117"]
[White "Kuleshova, Julia"]
[Black "Tan, Kylie"]
[Result "0-1"]
[WhiteElo "1487"]
[BlackElo "1383"]
[PlyCount "56"]
[EventDate "2016.08.07"]
[EventType "swiss"]
[EventRounds "9"]
[EventCountry "CAN"]

1. e4 d5 2. exd5 Qxd5 3. Nc3 Qa5 4. d4 Nf6 5. h3 Bf5 6. Bd3 Bxd3 7. Qxd3 Nc6 8.
Nf3 e6 9. a3 O-O-O 10. Be3 Nd5 11. Bd2 Ncb4 12. Qc4 Nxc2+ 13. Ke2 Nxa1 14. Rxa1
Nb6 15. Qd3 Qh5 16. b4 f6 17. Qe4 Qf5 18. Qxf5 exf5 19. Rc1 a6 20. Bf4 Bd6 21.
Bxd6 Rxd6 22. Kd3 Rhd8 23. Re1 Nd5 24. Nxd5 Rxd5 25. Re7 R5d7 26. Rxd7 Kxd7 27.
Kc4 g6 28. g3 Kc6 0-1

[Event "NAYCC U12 w"]
[Site "Windsor CAN"]
[Date "2016.08.10"]
[Round "6.118"]
[White "Kao, Simona"]
[Black "Venkataraja, Triyakshari"]
[Result "1-0"]
[WhiteElo "1289"]
[BlackElo "1162"]
[PlyCount "151"]
[EventDate "2016.08.07"]
[EventType "swiss"]
[EventRounds "9"]
[EventCountry "CAN"]

1. e4 d5 2. exd5 Qxd5 3. Nc3 Qa5 4. d4 Nf6 5. Nf3 Bf5 6. Bd2 c6 7. Bc4 Qc7 8.
O-O e6 9. Re1 Bd6 10. h3 O-O 11. Rc1 Nbd7 12. Qe2 a5 13. a4 Qb6 14. Bd3 Bxd3
15. Qxd3 Bc7 16. Ra1 Rab8 17. Be3 c5 18. dxc5 Nxc5 19. Qe2 Rfd8 20. Bd2 Qxb2
21. Nb5 Na6 22. Bc3 Qxa1 23. Rxa1 Nd5 24. Nxc7 Nxc3 25. Qc4 Rbc8 26. Qxc3 b6
27. Qc6 Rxc7 28. Qxb6 Ra8 29. Qxa5 Rxc2 30. Nd4 Rc5 31. Qe1 h6 32. Rc1 Rd5 33.
Nxe6 Re8 34. Rc6 Nb8 35. Rb6 Nd7 36. Ra6 Nc5 37. Rc6 Nxe6 38. Qc3 Nd4 39. Qc4
Ne2+ 40. Kh2 Rde5 41. Rc8 R5e7 42. Qc6 Rxc8 43. Qxc8+ Kh7 44. a5 Nd4 45. a6 Ra7
46. Qc4 Ne6 47. Qb3 g6 48. Qb7 Rxa6 49. Qxa6 Kg7 50. g4 g5 51. Qa1+ f6 52. Qa7+
Kg6 53. Qe7 Ng7 54. Qe4+ Kf7 55. Qh7 f5 56. gxf5 h5 57. Qg6+ Kf8 58. f6 Ne8 59.
f7 Ng7 60. f3 h4 61. Qxg5 Kxf7 62. Qxh4 Nf5 63. Qf4 Kg6 64. h4 Nh6 65. Qg5+ Kh7
66. h5 Ng8 67. Qg6+ Kh8 68. h6 Nxh6 69. Qxh6+ Kg8 70. Qf6 Kh7 71. Qg5 Kh8 72.
Kg3 Kh7 73. Kf4 Kh8 74. Kf5 Kh7 75. Kf6 Kh8 76. Qg7# 1-0

[Event "NAYCC U12 w"]
[Site "Windsor CAN"]
[Date "2016.08.10"]
[Round "6.119"]
[White "Woods, Charisse"]
[Black "Guo, Hazel"]
[Result "1/2-1/2"]
[WhiteElo "1442"]
[BlackElo "1291"]
[PlyCount "105"]
[EventDate "2016.08.07"]
[EventType "swiss"]
[EventRounds "9"]
[EventCountry "CAN"]

1. e4 e6 2. d4 d5 3. Nc3 dxe4 4. Nxe4 Bd7 5. Nf3 Bc6 6. Bd3 Nd7 7. O-O Ngf6 8.
Nc3 Bd6 9. Re1 O-O 10. Be3 Nb6 11. h3 Nbd5 12. Nxd5 Bxd5 13. c4 Bc6 14. Qe2 b6
15. Rad1 Bb7 16. c5 Be7 17. Ne5 Qd5 18. Nf3 Qc6 19. Bg5 Rab8 20. cxb6 cxb6 21.
Bxf6 Bxf6 22. Be4 Qc7 23. Rc1 Qd7 24. Bxb7 Qxb7 25. Qd3 Rbc8 26. b3 Qd5 27.
Rcd1 Rc7 28. Qe4 Qxe4 29. Rxe4 Rc2 30. Rd2 Rfc8 31. Ree2 Rxd2 32. Rxd2 h6 33.
d5 exd5 34. Rxd5 Rc2 35. Rd2 Rc7 36. Kf1 Re7 37. Re2 Kf8 38. Rxe7 Kxe7 39. Ke2
Kd6 40. Kd3 Kd5 41. Nd2 Bd4 42. f3 f5 43. Nc4 f4 44. Nd2 g5 45. Ne4 a5 46. a4
Be5 47. Nc3+ Bxc3 48. Kxc3 Kc5 49. Kc2 Kb4 50. Kb2 h5 51. Kc2 Kc5 52. Kd3 h4
53. Kc3 1/2-1/2

[Event "NAYCC U12 w"]
[Site "Windsor CAN"]
[Date "2016.08.10"]
[Round "6.120"]
[White "Yellamraju, Aparna"]
[Black "Periappuram, Moira"]
[Result "1-0"]
[WhiteElo "1404"]
[BlackElo "773"]
[PlyCount "129"]
[EventDate "2016.08.07"]
[EventType "swiss"]
[EventRounds "9"]
[EventCountry "CAN"]

1. d4 d5 2. c4 Nf6 3. Nc3 e6 4. Bg5 Be7 5. e3 c6 6. Nf3 O-O 7. Bd3 Nbd7 8. O-O
a6 9. cxd5 cxd5 10. Qc2 h6 11. Bh4 b5 12. a4 b4 13. Ne2 Bb7 14. a5 Rc8 15. Qb3
e5 16. dxe5 Ne4 17. Bxe7 Qxe7 18. Rfd1 Nxe5 19. Nxe5 Qxe5 20. Qxb4 Rc7 21. Qd4
Qf5 22. f3 Re8 23. fxe4 dxe4 24. Ng3 Qg4 25. Be2 Qg5 26. Rac1 Rce7 27. Qc5 Qf6
28. Qb6 Qg5 29. Rc3 Bc8 30. Rdc1 Bf5 31. Qxa6 Re6 32. Qc4 Rd6 33. Qc5 Rf6 34.
Qb5 Rd8 35. Rf1 g6 36. Nxf5 gxf5 37. Rd1 Rf8 38. Bf1 Qg4 39. Qe2 Qg5 40. Qf2 f4
41. a6 f3 42. Qg3 Qxg3 43. hxg3 f2+ 44. Kh2 Kh7 45. Be2 Rg8 46. Rf1 Kg6 47. g4
Rh8 48. Rc5 Rb8 49. a7 Ra8 50. Ra5 Kg7 51. Bc4 h5 52. gxh5 Kf8 53. g3 Ke7 54.
Kg2 Rc6 55. Bd5 Rcc8 56. Bxa8 Rxa8 57. Rxf2 f6 58. Rc2 Kf7 59. Rc7+ Ke6 60. Rb7
f5 61. Rb8 Rxb8 62. axb8=Q Kf6 63. Qf8+ Kg5 64. Qg7+ Kxh5 65. Rxf5# 1-0

[Event "NAYCC U12 w"]
[Site "Windsor CAN"]
[Date "2016.08.10"]
[Round "7.128"]
[White "Farkas, Jezzel"]
[Black "Yellamraju, Aparna"]
[Result "1/2-1/2"]
[WhiteElo "1310"]
[BlackElo "1404"]
[PlyCount "87"]
[EventDate "2016.08.07"]
[EventType "swiss"]
[EventRounds "9"]
[EventCountry "CAN"]

1. d4 Nf6 2. Bf4 e6 3. Nf3 b6 4. e3 Bb7 5. Nbd2 Be7 6. Bd3 d6 7. O-O O-O 8. c4
Nbd7 9. Qc2 h6 10. Rac1 Nh5 11. Bg3 Nxg3 12. hxg3 c5 13. e4 Qc7 14. d5 exd5 15.
exd5 Nf6 16. Nh4 Ng4 17. Ndf3 Bf6 18. b3 Ne5 19. Nxe5 Bxe5 20. Nf3 Rfe8 21.
Nxe5 Rxe5 22. Rfe1 Rae8 23. Re4 Rxe4 24. Bxe4 Qe7 25. f3 Qg5 26. Kf2 Qf6 27.
Qc3 Qg5 28. Qc2 Bc8 29. g4 Bxg4 30. Bh7+ Kh8 31. fxg4 g6 32. Bxg6 fxg6 33. Qc3+
Kh7 34. Re1 Qh4+ 35. Kf1 Qh1+ 36. Kf2 Qh4+ 37. Kf1 Rf8+ 38. Kg1 Qf2+ 39. Kh1
Qh4+ 40. Kg1 Qf2+ 41. Kh1 Qh4+ 42. Kg1 Qf2+ 43. Kh1 Qh4+ 44. Kg1 1/2-1/2

[Event "NAYCC U12 w"]
[Site "Windsor CAN"]
[Date "2016.08.10"]
[Round "7.129"]
[White "Periappuram, Moira"]
[Black "Woods, Charisse"]
[Result "0-1"]
[WhiteElo "773"]
[BlackElo "1442"]
[PlyCount "118"]
[EventDate "2016.08.07"]
[EventType "swiss"]
[EventRounds "9"]
[EventCountry "CAN"]

1. e4 e5 2. Nf3 Nc6 3. Bc4 Bc5 4. O-O Nf6 5. d3 h6 6. a3 O-O 7. h3 d5 8. exd5
Nxd5 9. b4 Bd4 10. Nxd4 exd4 11. Bb2 Be6 12. Nd2 a6 13. Qf3 Qd7 14. Qg3 Nc3 15.
Bxc3 dxc3 16. Ne4 Qd4 17. Bb3 Rac8 18. Nc5 Bxb3 19. Nxb3 Qd6 20. Qf3 Rb8 21.
Rae1 Nd4 22. Nxd4 Qxd4 23. Re4 Qb6 24. Qg3 a5 25. Qe5 axb4 26. Rxb4 Qd6 27.
Qxc3 Rfc8 28. Rg4 Qf8 29. a4 g6 30. h4 Qg7 31. Qc4 h5 32. Rf4 c6 33. a5 b5 34.
Qa2 Ra8 35. Re1 Rc7 36. c4 Rca7 37. cxb5 cxb5 38. a6 Rxa6 39. Qb3 Rb8 40. Re7
Rf6 41. Rfe4 Rf5 42. Re8+ Rxe8 43. Rxe8+ Kh7 44. Rd8 Qa1+ 45. Kh2 Qc1 46. Qa2
Qc7+ 47. g3 Qxd8 48. Qd2 Qd4 49. Kg2 b4 50. Qe2 b3 51. Qf1 b2 52. f3 Rb5 53.
Qb1 Qc3 54. Qa2 Qd2+ 55. Kh3 Kg7 56. Qc4 b1=R 57. Qd4+ Kh7 58. g4 Rh1+ 59. Kg3
Qh2# 0-1

[Event "NAYCC U12 w"]
[Site "Windsor CAN"]
[Date "2016.08.10"]
[Round "7.130"]
[White "Venkataraja, Triyakshari"]
[Black "Guo, Hazel"]
[Result "0-1"]
[WhiteElo "1162"]
[BlackElo "1291"]
[PlyCount "74"]
[EventDate "2016.08.07"]
[EventType "swiss"]
[EventRounds "9"]
[EventCountry "CAN"]

1. e4 e6 2. d4 d5 3. e5 c5 4. c3 Nc6 5. Nf3 Qb6 6. Bd3 Bd7 7. O-O cxd4 8. Nxd4
Nxd4 9. cxd4 Qxd4 10. Nc3 Qxe5 11. Re1 Qb8 12. Nxd5 Bd6 13. h3 Bc6 14. Nc3 Nf6
15. b3 O-O 16. Bb2 Qd8 17. Nb5 Bc5 18. Qc2 Qd5 19. Be4 Nxe4 20. Nc7 Qg5 21.
Rxe4 Bxe4 22. Qxe4 Rac8 23. Qxb7 Qf4 24. Nxe6 Qxf2+ 25. Kh1 Qxb2 26. Rd1 fxe6
27. Rd7 Qc1+ 28. Kh2 Bg1+ 29. Kh1 Bd4+ 30. Kh2 Be5+ 31. g3 Rf2+ 32. Qg2 Rcc2
33. Rd8+ Kf7 34. Rd7+ Kg6 35. Rd2 Rcxd2 36. h4 Rxg2+ 37. Kh3 Rxg3# 0-1

[Event "NAYCC U12 w"]
[Site "Windsor CAN"]
[Date "2016.08.10"]
[Round "7.121"]
[White "Garai, Antara"]
[Black "Cao, Claire"]
[Result "1-0"]
[WhiteElo "1465"]
[BlackElo "1569"]
[PlyCount "85"]
[EventDate "2016.08.07"]
[EventType "swiss"]
[EventRounds "9"]
[EventCountry "CAN"]

1. e4 e6 2. d4 d5 3. Nd2 Nf6 4. e5 Nfd7 5. f4 c5 6. c3 Nc6 7. Ndf3 a6 8. Bd3
cxd4 9. cxd4 b5 10. Ne2 Nb6 11. h4 Bd7 12. h5 Rc8 13. g4 Bb4+ 14. Kf1 Qc7 15.
a3 Be7 16. b3 f6 17. Bb2 Qb7 18. Kg2 fxe5 19. fxe5 b4 20. a4 a5 21. Qb1 h6 22.
Bb5 Kd8 23. Qg6 Kc7 24. Nf4 Kb8 25. Rac1 Be8 26. Qxg7 Rf8 27. Nxe6 Rf7 28. Qxh6
Bd7 29. Qg6 Be8 30. Qd3 Qa7 31. h6 Bd7 32. h7 Rh8 33. Qg6 Bxe6 34. Qxe6 Nd8 35.
Qg6 Bf8 36. Ng5 Rg7 37. Qf6 Nb7 38. Rhf1 Rc7 39. Qxf8+ Rxf8 40. Rxf8+ Nc8 41.
Rxc7 Kxc7 42. h8=Q Ne7 43. Qf6 1-0

[Event "NAYCC U12 w"]
[Site "Windsor CAN"]
[Date "2016.08.10"]
[Round "7.122"]
[White "Dommalapati, Aasa"]
[Black "He, Emma"]
[Result "1-0"]
[WhiteElo "1583"]
[BlackElo "1446"]
[PlyCount "89"]
[EventDate "2016.08.07"]
[EventType "swiss"]
[EventRounds "9"]
[EventCountry "CAN"]

1. e4 e5 2. Nf3 Nc6 3. d4 exd4 4. Nxd4 Bc5 5. Nb3 Bb6 6. Nc3 Nf6 7. Bg5 h6 8.
Bh4 d6 9. Qe2 Be6 10. O-O-O g5 11. Bg3 Bxb3 12. axb3 Qe7 13. Kb1 O-O-O 14. f3
Ne5 15. Bf2 Bxf2 16. Qxf2 Kb8 17. Be2 c6 18. Rd2 Nfd7 19. Nd1 Nb6 20. Ne3 d5
21. exd5 Nxd5 22. Nxd5 cxd5 23. Rhd1 Qe6 24. Bc4 Nxc4 25. bxc4 Qe5 26. g3 Qf6
27. cxd5 Rd6 28. Qd4 Qxd4 29. Rxd4 Re8 30. Re4 Rf8 31. c4 b6 32. Rde1 Rfd8 33.
Re8 b5 34. Rxd8+ Rxd8 35. b3 Rd7 36. Kc2 Kc7 37. Kc3 a5 38. Kd4 Kb7 39. c5 Kc7
40. Ra1 f5 41. Rxa5 h5 42. Ra7+ Kd8 43. Rxd7+ Kxd7 44. Ke5 b4 45. Kxf5 1-0

[Event "NAYCC U12 w"]
[Site "Windsor CAN"]
[Date "2016.08.10"]
[Round "7.123"]
[White "Ehsani, Yassamin"]
[Black "Dasari, Srihitha"]
[Result "1-0"]
[WhiteElo "1429"]
[BlackElo "1492"]
[PlyCount "33"]
[EventDate "2016.08.07"]
[EventType "swiss"]
[EventRounds "9"]
[EventCountry "CAN"]

1. e4 c5 2. Nc3 g6 3. f4 Bg7 4. Bc4 e6 5. Nf3 Ne7 6. f5 exf5 7. d3 O-O 8. O-O
Nbc6 9. Qe1 Nd4 10. Qh4 Nec6 11. Bg5 Qe8 12. Nd5 Nxf3+ 13. Rxf3 Rb8 14. Nf6+
Bxf6 15. Bxf6 h5 16. Qg5 Kh7 17. Rh3 1-0

[Event "NAYCC U12 w"]
[Site "Windsor CAN"]
[Date "2016.08.10"]
[Round "7.124"]
[White "Tan, Kylie"]
[Black "Velea, Anne Marie"]
[Result "1-0"]
[WhiteElo "1383"]
[BlackElo "1556"]
[PlyCount "191"]
[EventDate "2016.08.07"]
[EventType "swiss"]
[EventRounds "9"]
[EventCountry "CAN"]

1. e4 c5 2. Nf3 d6 3. d4 cxd4 4. Nxd4 Nf6 5. Nc3 g6 6. f3 Bg7 7. Be3 O-O 8. Qd2
Nc6 9. O-O-O Nxd4 10. Bxd4 Be6 11. g4 Qa5 12. a3 Rfc8 13. h4 Rab8 14. h5 b5 15.
hxg6 hxg6 16. Be2 Bc4 17. Bxc4 Rxc4 18. Qh2 Rbc8 19. Rd2 e6 20. Qh4 e5 21. Be3
b4 22. Nb1 bxa3 23. Nxa3 Ra4 24. Rd3 Qa6 25. Kd2 Qc6 26. Rc3 Qa6 27. Rxc8+ Qxc8
28. Bh6 Qf8 29. Bg5 Qe7 30. c3 Ra6 31. Bh6 Qf8 32. Bxg7 Qxg7 33. Qh3 Rc6 34. g5
Nh5 35. Qd7 Rb6 36. Nc4 Rb8 37. Qxd6 Rc8 38. Nxe5 Qf8 39. Qxf8+ Kxf8 40. Ke3
Rd8 41. Rh2 Rd1 42. Rd2 Rxd2 43. Kxd2 a6 44. Kd3 Ke7 45. Kd4 Nf4 46. Ke3 Ng2+
47. Kf2 Nf4 48. Kg3 Ne2+ 49. Kg4 Nc1 50. f4 Nb3 51. Kf3 a5 52. Ke3 Ke6 53. Nc4
Kd7 54. Nd2 Nc5 55. b3 Kc6 56. f5 Kd7 57. Kd4 Kc6 58. Kc4 Kd6 59. Nf3 Nxe4 60.
fxg6 fxg6 61. Kd4 Nc5 62. b4 axb4 63. cxb4 Ne6+ 64. Kc4 Kc7 65. b5 Kb6 66. Kb4
Nc7 67. Nd4 Nd5+ 68. Kc4 Nc7 69. Kd3 Kc5 70. Ke4 Kd6 71. b6 Na6 72. Kd3 Kd5 73.
Ke3 Ke5 74. b7 Nb8 75. Nf3+ Ke6 76. Nh4 Ke5 77. Kf3 Ke6 78. Kf4 Kf7 79. Ke5 Ke7
80. Nxg6+ Kd7 81. Nf8+ Ke7 82. Ne6 Nc6+ 83. Kd5 Nb8 84. g6 Kf6 85. g7 Kf7 86.
Kd6 Na6 87. Kd7 Nb8+ 88. Kc8 Na6 89. b8=Q Nxb8 90. Kxb8 Kg8 91. Kc7 Kf7 92. Kd7
Kg8 93. Ke8 Kh7 94. Kf7 Kh6 95. g8=Q Kh5 96. Qg5# 1-0

[Event "NAYCC U12 w"]
[Site "Windsor CAN"]
[Date "2016.08.10"]
[Round "7.125"]
[White "Yang, Elena"]
[Black "Qiao, Joey"]
[Result "1/2-1/2"]
[WhiteElo "1221"]
[BlackElo "1462"]
[PlyCount "68"]
[EventDate "2016.08.07"]
[EventType "swiss"]
[EventRounds "9"]
[EventCountry "CAN"]

1. e4 e5 2. Nf3 Nc6 3. Bb5 Nf6 4. d3 d6 5. Bxc6+ bxc6 6. O-O Be7 7. Be3 O-O 8.
h3 Be6 9. c3 h6 10. Nbd2 Qd7 11. Kh2 Rfd8 12. Re1 c5 13. a3 Rdb8 14. b4 cxb4
15. axb4 a6 16. Qe2 Qb5 17. Nf1 Rb7 18. Ng3 a5 19. bxa5 Rxa5 20. c4 Qa6 21.
Rxa5 Qxa5 22. Qc2 Nd7 23. Bd2 Qa8 24. Rb1 Rxb1 25. Qxb1 Qb8 26. Qc2 Qb7 27. Ne2
Nc5 28. Nc1 Bd8 29. Be3 Na6 30. Qa4 c6 31. Nb3 Nb8 32. Nbd2 Na6 33. Ne1 Bd7 34.
Qa1 c5 1/2-1/2

[Event "NAYCC U12 w"]
[Site "Windsor CAN"]
[Date "2016.08.10"]
[Round "7.126"]
[White "Wang, Isabelle"]
[Black "Yellamraju, Ambica"]
[Result "0-1"]
[WhiteElo "1102"]
[BlackElo "1625"]
[PlyCount "122"]
[EventDate "2016.08.07"]
[EventType "swiss"]
[EventRounds "9"]
[EventCountry "CAN"]

1. e4 e6 2. d4 d5 3. exd5 exd5 4. Bd3 Bd6 5. c3 Ne7 6. Nf3 Bf5 7. O-O Bxd3 8.
Qxd3 h6 9. Re1 O-O 10. Ne5 c6 11. Qf3 Nd7 12. Nd3 Ng6 13. Nd2 Qc7 14. h3 Rfe8
15. Rxe8+ Rxe8 16. Nb3 Qd8 17. Bd2 Qb6 18. Re1 Rxe1+ 19. Nxe1 Qa6 20. a3 Qb5
21. Qd1 Nb6 22. Bc1 Nc4 23. Nd3 Qb6 24. Nd2 Nxd2 25. Qxd2 Qc7 26. Qe3 Qd7 27.
b4 Kh7 28. Qf3 Qe7 29. Kf1 Kg8 30. Bd2 a5 31. Qe2 Qd8 32. Qd1 Qc7 33. Qe2 Kf8
34. Kg1 axb4 35. axb4 Nf4 36. Bxf4 Bxf4 37. Nxf4 Qxf4 38. Qe3 Qxe3 39. fxe3 Ke7
40. Kf2 Kf6 41. Kf3 Kf5 42. g3 b6 43. h4 g5 44. g4+ Ke6 45. hxg5 hxg5 46. e4
dxe4+ 47. Kxe4 b5 48. Ke3 f5 49. gxf5+ Kxf5 50. Kf3 g4+ 51. Kg3 Kg5 52. Kg2 Kf4
53. Kf2 g3+ 54. Kg2 Kg4 55. Kg1 Kf3 56. Kf1 g2+ 57. Kg1 Kg3 58. d5 cxd5 59. c4
bxc4 60. b5 c3 61. b6 c2 0-1